Management Science: A Bayesian Introduction /
Este libro tiene dos objetivos: primero, presenta una visión de la ciencia de la administración como una disciplina y una profesión, segundo, examina las posibilidades del uso de la lógica bayesiana como una estructura integral que ilumine la unidad entre algunas de las diversas ideas de la administ...
Guardat en:
| Autor principal: | |
|---|---|
| Format: | Llibre |
| Idioma: | anglès |
| Matèries: | |
| Etiquetes: |
Sense etiquetes, Sigues el primer a etiquetar aquest registre!
|
MARC
| LEADER | 00000nam^a2200000^a^4500 | ||
|---|---|---|---|
| 001 | 000034236 | ||
| 005 | 20250521000000.0 | ||
| 009 | 20260310085230.097 | ||
| 037 | |a Acervo ITESO - Biblioteca | ||
| 041 | |a ING | ||
| 082 | |a 658. 4 |b MOR | ||
| 100 | |a Morris, William T. |e (autor) | ||
| 245 | 1 | 0 | |a Management Science: A Bayesian Introduction / |c W.T. Morris. |
| 264 | |a Englewood Cliffs, EUA : |b Prentice-Hall, |c 1968 | ||
| 300 | |a 226 p. | ||
| 336 | |a texto |b txt |2 rdacontenido | ||
| 337 | |a sin mediación |b n |2 rdamedio | ||
| 338 | |a volumen |b nc |2 rdasoporte | ||
| 520 | |a Este libro tiene dos objetivos: primero, presenta una visión de la ciencia de la administración como una disciplina y una profesión, segundo, examina las posibilidades del uso de la lógica bayesiana como una estructura integral que ilumine la unidad entre algunas de las diversas ideas de la administración. | ||
| 649 | |a XX | ||
| 650 | |a Ciencias Administrativas | ||
| 650 | |a Administración - |x Teoría | ||
| 910 | |a Fondo General | ||
| 920 | |a Impresos - Libros | ||
| 930 | |a Colección General | ||
| 905 | |a 101 | ||
| 901 | |a 0342360100 |b IT1 |c ACC |i 034236 |u 20250521 | ||
| 902 | |a https://opac.biblio.iteso.mx/vufind/Record/000034236 | ||